000 01952nam a2200349 4500
001 271
003 OSt
005 20250528074016.0
008 250313b |||||||j |||| 00| 1 eng d
020 _a9788539513277
040 _bPor
041 _heng
_apor
082 _a028.5
_bS879c
100 _aStone, Rex
_9494
240 _aDinosaur Cove: Stampede of the Giant reptiles
245 _aA Caverna dos Dinossauros
_bA fuga dos répteis gigantes /
_cStone, Rex ; tradução de Erica Silveira Campos e ilustração de Mike Spoor
260 _aSão Paulo
_bFundamento
_c2015
300 _a61 p.
_bil.
490 1 _aA Caverna dos Dinossauros
_vLivro 6
520 _aJamie e Tom adoram visitar o Mundo dos Dinossauros! Mas, desta vez, ao chegarem lá, tudo está muito estranho e quieto demais. Nenhum sinal de dinossauro! De repente, os amigos ouvem uma explosão ensurdecedora e veem meteoros caindo! Quando as grandes pedras atingem o solo, devastam boa parte do bosque de pinheiros. Os dinossauros estavam escondidos por causa disso! E entre os mais assustados está uma manada de edmontossauros, criaturas tão grandes que podem ter até mil dentes! Querendo fugir do perigo, os animais decidem correr para o lado oposto ao fogo. O problema é que nessa direção tem uma imensa cratera aberta por um meteoro! Se Jamie e Tom não pararem a manada, os edmontossauros estarão perdidos! Mas como é que dois meninos conseguirão parar mais de cem dinossauros gigantescos sem ser pisoteados? Isso é o que você está prestes a descobrir!
650 0 _aLiteratura Americana
_984
650 0 _aInfantojuvenil
_9200
650 0 _aDinossauros
_9495
650 0 _aAventura
_947
650 0 _aGrandes Amizades
_928
655 0 _aRomance
_923
655 0 _aFicção
_922
700 _aErica Silveira Campos
_eTRADUTORA
_9503
700 _aMike Spoor
_eIlustrador
_9497
830 _aA Caverna dos Dinossauros
_vLivro 6
_9498
942 _2ddc
_n0
_cBK
999 _c271
_d271